[Event "Innsbruck op-A 1st"]
[Site "Innsbruck"]
[Date "2017.08.25"]
[Round "1"]
[White "Deglmann, Ludwig"]
[Black "Vrtiakova, Anna"]
[Result "1-0"]
[WhiteElo "2298"]
[BlackElo "1971"]
[PlyCount "59"]
[EventDate "2017.08.25"]
[EventType "swiss"]
[EventRounds "9"]
[EventCountry "AUT"]
[SourceTitle "CBM 180 Extra"]
[Source "ChessBase"]
[SourceDate "2017.10.06"]
[SourceVersion "1"]
[SourceVersionDate "2017.10.06"]
[SourceQuality "1"]

1. f4 d5 2. Nf3 Nf6 3. g3 c5 4. Bg2 Nc6 5. 0-0 e6 6. d3 Be7 7. e4 0-0 8. e5 Nd7 9. c4 a6 10. Nc3 d4 11. Ne4 Rb8 12. h4 b5 13. b3 Qc7 14. Nh2 f6 15. exf6 Nxf6 16. Ng5 h6 17. Qe2 e5 18. f5 Bd6 19. Ne4 Nxe4 20. Bxe4 Be7 21. Qh5 Bf6 22. Bd5+ Kh8 23. Bxh6 Bxf5 24. Rxf5 gxh6 25. Qxh6+ Qh7 26. Qxh7+ Kxh7 27. Bxc6 bxc4 28. bxc4 Rb2 29. Be4 Kg7 30. Ng4 1-0

[Event "EU-chT U18 Girls"]
[Site "Rymanow Zdroj"]
[Date "2017.08.22"]
[Round "6.9"]
[White "Krzysztynska, Anna"]
[Black "Vrtiakova, Anna"]
[Result "1-0"]
[WhiteElo "1717"]
[BlackElo "1971"]
[PlyCount "113"]
[EventDate "2017.08.17"]
[EventType "team-swiss"]
[EventRounds "7"]
[EventCountry "POL"]
[SourceTitle "CBM 180 Extra"]
[Source "ChessBase"]
[SourceDate "2017.10.06"]
[SourceVersion "1"]
[SourceVersionDate "2017.10.06"]
[SourceQuality "1"]
[WhiteTeam "Poland U18 Girls III"]
[BlackTeam "Slovakia U18 Girls"]
[WhiteTeamCountry "POL"]
[BlackTeamCountry "SVK"]

1. e4 c5 2. c3 d5 3. exd5 Qxd5 4. d4 g6 5. Nf3 Bg7 6. Be2 Nf6 7. 0-0 0-0 8. Bf4 Nc6 9. Re1 a6 10. Na3 cxd4 11. cxd4 b5 12. Nc2 Bb7 13. Ne3 Qd8 14. a4 b4 15. Nc4 Na5 16. Rc1 Rc8 17. Nfe5 Nd5 18. Bg3 Bh6 19. Rb1 Nf6 20. Bh4 Nxc4 21. Bxc4 a5 22. Qd3 Nd5 23. Ng4 Bg7 24. Ne5 Nf4 25. Qb3 Rxc4 26. Qxc4 Bd5 27. Qc5 Nxg2 28. Bxe7 Qa8 29. Bxf8 Bxf8 30. Qc7 Nf4 31. Re3 Be6 32. Rf3 Nh3+ 33. Rxh3 Bxh3 34. Qxf7+ Kh8 35. Qf6+ Kg8 36. Qf3 Qc8 37. Re1 Bf5 38. Qc6 Qd8 39. Qc4+ Kg7 40. Nf3 Bd6 41. d5 h5 42. Qd4+ Kg8 43. Qe3 Qf6 44. Ng5 Bf8 45. b3 Bd7 46. h4 Bf5 47. Qa7 Qg7 48. Qxg7+ Kxg7 49. Ne6+ Kf7 50. Nxf8 Kxf8 51. d6 Kf7 52. f4 Be6 53. Kf2 Kf6 54. Re3 Kf7 55. Ke2 Bg4+ 56. Kd3 Be6 57. Ke4 1-0

[Event "EU-chT U18 Girls"]
[Site "Rymanow Zdroj"]
[Date "2017.08.20"]
[Round "4.9"]
[White "Vrtiakova, Anna"]
[Black "Moscicka, Pola"]
[Result "0-1"]
[WhiteElo "1971"]
[BlackElo "1869"]
[PlyCount "102"]
[EventDate "2017.08.17"]
[EventType "team-swiss"]
[EventRounds "7"]
[EventCountry "POL"]
[SourceTitle "CBM 180 Extra"]
[Source "ChessBase"]
[SourceDate "2017.10.06"]
[SourceVersion "1"]
[SourceVersionDate "2017.10.06"]
[SourceQuality "1"]
[WhiteTeam "Slovakia U18 Girls"]
[BlackTeam "Poland U18 Girls IV"]
[WhiteTeamCountry "SVK"]
[BlackTeamCountry "POL"]

1. d4 Nf6 2. Nc3 d5 3. Bf4 e6 4. e3 Bb4 5. Bd3 Nbd7 6. Nge2 0-0 7. a3 Bd6 8. 0-0 Bxf4 9. Nxf4 c5 10. Re1 a6 11. Bf1 Qc7 12. Qf3 b5 13. Qg3 Qb6 14. Rad1 Bb7 15. Qh4 Rac8 16. Nd3 c4 17. Ne5 a5 18. Nxd7 Nxd7 19. f3 b4 20. axb4 axb4 21. Ne2 Ra8 22. Nc1 Rfc8 23. e4 Qc7 24. e5 Nb6 25. b3 Ba6 26. f4 cxb3 27. cxb3 Bxf1 28. Rxf1 h6 29. Qf2 Qc2 30. Nd3 Qxb3 31. Nc5 Qa2 32. Qxa2 Rxa2 33. Rb1 Nc4 34. Rxb4 Ne3 35. Rf3 Rxg2+ 36. Kh1 Re2 37. Rb1 Nf5 38. Nb3 Rcc2 39. Rh3 Rf2 40. Kg1 Rxf4 41. Nc5 Nxd4 42. Nd7 Rc8 43. Ra3 Kh7 44. Ra7 Rf5 45. Rab7 Nf3+ 46. Kg2 Rc2+ 47. Kg3 h5 48. h4 g5 49. Nf8+ Kg8 50. hxg5 h4+ 51. Kg4 Rg2+ 0-1

[Event "SVK-ch U16/20 Girls"]
[Site "Liptovsky Mikulas"]
[Date "2017.04.28"]
[Round "9"]
[White "Vrtiakova, Anna"]
[Black "Ganzova, Veronika"]
[Result "1-0"]
[WhiteElo "1939"]
[BlackElo "1712"]
[PlyCount "63"]
[EventDate "2017.04.22"]
[EventType "swiss"]
[EventRounds "9"]
[EventCountry "SVK"]
[SourceTitle "CBM 178 Extra"]
[Source "ChessBase"]
[SourceDate "2017.06.22"]
[SourceVersion "1"]
[SourceVersionDate "2017.06.22"]
[SourceQuality "1"]

1. e4 e5 2. Nf3 Nc6 3. Bb5 Nf6 4. d3 d6 5. c3 Be7 6. Nbd2 0-0 7. Nf1 a6 8. Ba4 b5 9. Bc2 Re8 10. Ng3 Bf8 11. 0-0 g6 12. h3 Bg7 13. Be3 Bb7 14. Nh2 d5 15. Qc1 Rc8 16. Bg5 Qd6 17. Qe3 d4 18. Qe1 Nd8 19. f4 exf4 20. Bxf4 Qd7 21. Qf2 h6 22. Qxd4 Qxd4+ 23. cxd4 Nd7 24. Nf3 Ne6 25. Be3 c5 26. d5 Nc7 27. Rae1 Bxb2 28. Bxh6 Kh7 29. Bd2 Kg7 30. Ne2 Ne5 31. d6 Ne6 32. Nxe5 1-0

[Event "SVK-ch U16/20 Girls"]
[Site "Liptovsky Mikulas"]
[Date "2017.04.26"]
[Round "7"]
[White "Vrtiakova, Anna"]
[Black "Sucikova, Svetlana"]
[Result "1-0"]
[WhiteElo "1939"]
[BlackElo "2030"]
[PlyCount "95"]
[EventDate "2017.04.22"]
[EventType "swiss"]
[EventRounds "9"]
[EventCountry "SVK"]
[SourceTitle "CBM 178 Extra"]
[Source "ChessBase"]
[SourceDate "2017.06.22"]
[SourceVersion "1"]
[SourceVersionDate "2017.06.22"]
[SourceQuality "1"]

1. e4 c6 2. d4 d5 3. Nc3 dxe4 4. Nxe4 Bf5 5. Ng3 Bg6 6. h4 h6 7. Nf3 Nd7 8. h5 Bh7 9. Bd3 Bxd3 10. Qxd3 e6 11. Bd2 Ngf6 12. 0-0-0 Be7 13. Ne4 Nxe4 14. Qxe4 Nf6 15. Qd3 Qd5 16. c4 Qd7 17. Ne5 Qc7 18. Kb1 c5 19. Bf4 Qa5 20. Qf3 0-0 21. Qxb7 Rab8 22. Nc6 Rxb7 23. Nxa5 Rd7 24. Nc6 Rc8 25. Nxe7+ Rxe7 26. Bd6 Rd7 27. dxc5 Ne4 28. Rd4 Nxd6 29. Rxd6 Rb7 30. c6 Rbc7 31. b4 Rxc6 32. Rxc6 Rxc6 33. c5 Kf8 34. Rc1 Rc8 35. a4 Ke7 36. b5 Kd7 37. Rd1+ Kc7 38. Rd6 Re8 39. Kc2 e5 40. Kc3 e4 41. a5 e3 42. b6+ axb6 43. axb6+ Kc8 44. fxe3 Rxe3+ 45. Kc4 Re1 46. Kb5 Rb1+ 47. Kc6 Rb2 48. b7+ 1-0

[Event "Stara Lubovna Pieniny (Women)"]
[Site "Stara Lubovna"]
[Date "2017.04.17"]
[Round "9"]
[White "Vrtiakova, Anna"]
[Black "Jelica, Mara"]
[Result "1/2-1/2"]
[WhiteElo "1939"]
[BlackElo "2108"]
[PlyCount "24"]
[EventDate "2017.04.10"]
[EventType "tourn"]
[EventRounds "9"]
[EventCountry "SVK"]
[SourceTitle "CBM 177 Extra"]
[Source "ChessBase"]
[SourceDate "2017.04.27"]
[SourceVersion "1"]
[SourceVersionDate "2017.04.27"]
[SourceQuality "1"]

1. e4 d6 2. d4 g6 3. Nc3 Bg7 4. Nf3 c6 5. a4 Nd7 6. Be2 e5 7. 0-0 Ne7 8. Re1 0-0 9. dxe5 dxe5 10. Bc4 Qc7 11. Be3 Nf6 12. h3 a5 1/2-1/2

[Event "Stara Lubovna Pieniny (Women)"]
[Site "Stara Lubovna"]
[Date "2017.04.15"]
[Round "7"]
[White "Vrtiakova, Anna"]
[Black "Motycakova, Monika"]
[Result "1/2-1/2"]
[WhiteElo "1939"]
[BlackElo "2162"]
[PlyCount "94"]
[EventDate "2017.04.10"]
[EventType "tourn"]
[EventRounds "9"]
[EventCountry "SVK"]
[SourceTitle "CBM 177 Extra"]
[Source "ChessBase"]
[SourceDate "2017.04.27"]
[SourceVersion "1"]
[SourceVersionDate "2017.04.27"]
[SourceQuality "1"]

1. e4 e5 2. Nf3 Nf6 3. Nc3 Nc6 4. Bb5 Nd4 5. Nxd4 exd4 6. e5 dxc3 7. exf6 Qxf6 8. dxc3 Bc5 9. 0-0 0-0 10. Qh5 d6 11. Bd3 h6 12. Kh1 Re8 13. f4 Bd7 14. Bd2 Be3 15. Rad1 Re7 16. Bxe3 Rxe3 17. h3 Rae8 18. Kh2 a6 19. Rd2 Qe6 20. b3 Bc6 21. Rdf2 Be4 22. Bxe4 Qxe4 23. c4 f5 24. Qd1 Kf7 25. Qh5+ Kg8 26. Qd1 Kf8 27. Rd2 b6 28. Rdf2 Re6 29. Qh5 Rc3 30. Qd1 Rg6 31. Re1 Re3 32. Rxe3 Qxe3 33. Qf3 Qxf3 34. Rxf3 Re6 35. Kg3 Re1 36. Rf2 Kf7 37. Rd2 Kf6 38. Kf2 Re4 39. Kf3 g5 40. g3 Re1 41. Kf2 Re4 42. fxg5+ Kxg5 43. Rd3 h5 44. Rd5 Kf6 45. Rd3 Ke6 46. Kf3 c6 47. Re3 Re5 1/2-1/2